Statistics for Liverpool FC trophies quiz included the reserves

Click here to take the quiz!

General Stats

  • This quiz has been taken 351 times
    (345 since last reset)
  • The average score is 9 of 14

Answer Stats

HintAnswer% Correct
European Cup/Champions League winners5
99%
UEFA cup winners3
96%
League Champions (Premier League) winners18
95%
FA cup winners7
95%
League cup winners8
92%
European Super Cup winners3
90%
Super cup winners1
85%
FA Charity Shield winners15
60%
Division two winners4
58%
Lancashire League winners1
47%
Carlsberg Trophy winners3
43%
Barclays Reserves National Champions1
23%
Reserve division one winners18
23%
FA Youth Cup winners3
22%

Score Distribution

Percentile by Number Answered

Percent of People with Each Score

Your Score History

You have not taken this quiz since the last reset